000 00295nam a2200133Ia 4500
100 _aBhattacharya/S.K
942 _cBK
654 _aMachines
245 _aElectrical machines
260 _bTata Mc Graw hill
_aNew Delhi
_c1986
082 _a621.31042
_bBHA
300 _a208
546 _aENGLISH
999 _c33883
_d33883